000 00935nam a22001695i 4500
001 172261
003 ES-MaACL
005 20230906214844.0
008 090622s1997 sp |||| | spa d
080 _a241.74
100 1 _aHerrezuelo, Miguel.
_9140807
245 1 0 _aDisertacion teólogico-jurídica en defensa del precepto que obliga á todos los fieles cristianos á pagar diezmos y primicias á la Iglesia de Dios, y del derecho de propiedad que el Clero Secular y Regular tiene en los bienes de sus Iglesias y Monasterios, y de la notoria justicia que le asiste, á que el Gobierno le ampare y conserve en posesion de ellos ..
_b: dirigida en una exposicion respetuosa á S.M. (que Dios guarde) y á las Córtes ... /
_cpor don MIguel Herrezuelo...
260 _aValencia :
_bLibrerias "París-Valencia",
_c1997.
300 _a30 p. ;
_c22 cm.
650 4 _aDiezmos-
_zEspaña.
_911885
852 _aES-MaACL
_j2251-F-2
_9R.126289
999 _c172261
_d172261